Лазер с автоинжекцией затравочного излучения. Увеличение энергетического выхода и эффективности формирования гигантских импульсов; Приборы и техника эксперимента; № 3

Bibliografske podrobnosti
Parent link:Приборы и техника эксперимента/ Российская академия наук.— , 1956-.— 0032-8162
№ 3.— 2002.— с. 87-92
Glavni avtor: Тюшкевич Б. Н.
Drugi avtorji: Тюшкевич Ю. Б.
Jezik:ruščina
Izdano: 2002
Serija:Общая экспериментальная техника
Teme:
Format: MixedMaterials Book Chapter
KOHA link:https://koha.lib.tpu.ru/cgi-bin/koha/opac-detail.pl?biblionumber=427060

MARC

LEADER 00000naa2a2200000 4500
001 427060
005 20231101074621.0
035 |a (RuTPU)RU\TPU\prd\86174 
035 |a RU\TPU\prd\9505 
090 |a 427060 
100 |a 20100903a2002 k y0rusy50 ca 
101 0 |a rus 
102 |a RU 
200 1 |a Лазер с автоинжекцией затравочного излучения. Увеличение энергетического выхода и эффективности формирования гигантских импульсов  |f Б. Н. Тюшкевич, Ю. Б. Тюшкевич 
225 1 |a Общая экспериментальная техника 
320 |a Библиогр.: 17 назв. 
461 1 |0 (RuTPU)RU\TPU\prd\300  |x 0032-8162  |t Приборы и техника эксперимента  |f Российская академия наук  |d 1956- 
463 1 |0 (RuTPU)RU\TPU\prd\86160  |t № 3  |v с. 87-92  |d 2002 
610 1 |a лазеры 
610 1 |a излучения 
610 1 |a гигантские импульсы 
610 1 |a оптические системы лазеров 
675 |a 621.373.826.038.825.2  |v 3 
700 1 |a Тюшкевич  |b Б. Н. 
701 1 |a Тюшкевич  |b Ю. Б. 
801 1 |a RU  |b 63413507  |c 20021226  |g PSBO 
801 2 |a RU  |b 63413507  |c 20100903  |g RCR 
942 |c BK